<?xml version="1.0" encoding="UTF-8"?>
<record
    xmlns:xsi="http://www.w3.org/2001/XMLSchema-instance"
    xsi:schemaLocation="http://www.loc.gov/MARC21/slim http://www.loc.gov/standards/marcxml/schema/MARC21slim.xsd"
    xmlns="http://www.loc.gov/MARC21/slim">

  <leader>00495nam a22001817a 4500</leader>
  <controlfield tag="003">Ost</controlfield>
  <controlfield tag="005">20210514155009.0</controlfield>
  <controlfield tag="008">210514b           ||||| |||| 00| 0 eng d</controlfield>
  <datafield tag="020" ind1=" " ind2=" ">
    <subfield code="a">NA</subfield>
  </datafield>
  <datafield tag="040" ind1=" " ind2=" ">
    <subfield code="c">BT-PhCST</subfield>
  </datafield>
  <datafield tag="050" ind1=" " ind2=" ">
    <subfield code="a">1850</subfield>
  </datafield>
  <datafield tag="082" ind1=" " ind2=" ">
    <subfield code="2">22</subfield>
    <subfield code="a">495.4</subfield>
  </datafield>
  <datafield tag="245" ind1=" " ind2=" ">
    <subfield code="a">Dzongkha to Nepali dictionary /</subfield>
  </datafield>
  <datafield tag="250" ind1=" " ind2=" ">
    <subfield code="a">1st ed.</subfield>
  </datafield>
  <datafield tag="260" ind1=" " ind2=" ">
    <subfield code="a">Thimphu :</subfield>
    <subfield code="b">Text Book Division, The Department of Education, Royal Government of Bhutan, 1986</subfield>
    <subfield code="c">1984.</subfield>
  </datafield>
  <datafield tag="300" ind1=" " ind2=" ">
    <subfield code="a">206 p. :</subfield>
    <subfield code="b">ill. ;</subfield>
    <subfield code="c">21 cm.</subfield>
  </datafield>
  <datafield tag="942" ind1=" " ind2=" ">
    <subfield code="2">ddc</subfield>
    <subfield code="c">DZ</subfield>
  </datafield>
  <datafield tag="999" ind1=" " ind2=" ">
    <subfield code="c">8110</subfield>
    <subfield code="d">8110</subfield>
  </datafield>
  <datafield tag="952" ind1=" " ind2=" ">
    <subfield code="0">0</subfield>
    <subfield code="1">0</subfield>
    <subfield code="2">ddc</subfield>
    <subfield code="4">0</subfield>
    <subfield code="7">0</subfield>
    <subfield code="a">LIB001</subfield>
    <subfield code="b">LIB001</subfield>
    <subfield code="d">2021-05-14</subfield>
    <subfield code="l">0</subfield>
    <subfield code="o">495.4</subfield>
    <subfield code="p">10195</subfield>
    <subfield code="r">2021-05-14 00:00:00</subfield>
    <subfield code="w">2021-05-14</subfield>
    <subfield code="y">DZ</subfield>
  </datafield>
  <datafield tag="952" ind1=" " ind2=" ">
    <subfield code="0">0</subfield>
    <subfield code="1">0</subfield>
    <subfield code="2">ddc</subfield>
    <subfield code="4">0</subfield>
    <subfield code="7">0</subfield>
    <subfield code="a">LIB001</subfield>
    <subfield code="b">LIB001</subfield>
    <subfield code="d">2021-05-14</subfield>
    <subfield code="l">0</subfield>
    <subfield code="o">495.4</subfield>
    <subfield code="p">10196</subfield>
    <subfield code="r">2021-05-14 00:00:00</subfield>
    <subfield code="w">2021-05-14</subfield>
    <subfield code="y">DZ</subfield>
  </datafield>
  <datafield tag="952" ind1=" " ind2=" ">
    <subfield code="0">0</subfield>
    <subfield code="1">0</subfield>
    <subfield code="2">ddc</subfield>
    <subfield code="4">0</subfield>
    <subfield code="7">0</subfield>
    <subfield code="a">LIB001</subfield>
    <subfield code="b">LIB001</subfield>
    <subfield code="d">2021-05-14</subfield>
    <subfield code="l">0</subfield>
    <subfield code="o">495.4</subfield>
    <subfield code="p">10197</subfield>
    <subfield code="r">2021-05-14 00:00:00</subfield>
    <subfield code="w">2021-05-14</subfield>
    <subfield code="y">DZ</subfield>
  </datafield>
  <datafield tag="952" ind1=" " ind2=" ">
    <subfield code="0">0</subfield>
    <subfield code="1">0</subfield>
    <subfield code="2">ddc</subfield>
    <subfield code="4">0</subfield>
    <subfield code="7">0</subfield>
    <subfield code="a">LIB001</subfield>
    <subfield code="b">LIB001</subfield>
    <subfield code="d">2021-05-14</subfield>
    <subfield code="l">0</subfield>
    <subfield code="o">495.4</subfield>
    <subfield code="p">10198</subfield>
    <subfield code="r">2021-05-14 00:00:00</subfield>
    <subfield code="w">2021-05-14</subfield>
    <subfield code="y">DZ</subfield>
  </datafield>
  <datafield tag="952" ind1=" " ind2=" ">
    <subfield code="0">0</subfield>
    <subfield code="1">0</subfield>
    <subfield code="2">ddc</subfield>
    <subfield code="4">0</subfield>
    <subfield code="7">0</subfield>
    <subfield code="a">LIB001</subfield>
    <subfield code="b">LIB001</subfield>
    <subfield code="d">2021-05-14</subfield>
    <subfield code="l">0</subfield>
    <subfield code="o">495.4</subfield>
    <subfield code="p">10199</subfield>
    <subfield code="r">2021-05-14 00:00:00</subfield>
    <subfield code="w">2021-05-14</subfield>
    <subfield code="y">DZ</subfield>
  </datafield>
  <datafield tag="952" ind1=" " ind2=" ">
    <subfield code="0">0</subfield>
    <subfield code="1">0</subfield>
    <subfield code="2">ddc</subfield>
    <subfield code="4">0</subfield>
    <subfield code="7">0</subfield>
    <subfield code="a">LIB001</subfield>
    <subfield code="b">LIB001</subfield>
    <subfield code="d">2021-05-14</subfield>
    <subfield code="l">0</subfield>
    <subfield code="o">495.4</subfield>
    <subfield code="p">10200</subfield>
    <subfield code="r">2021-05-14 00:00:00</subfield>
    <subfield code="w">2021-05-14</subfield>
    <subfield code="y">DZ</subfield>
  </datafield>
  <datafield tag="952" ind1=" " ind2=" ">
    <subfield code="0">0</subfield>
    <subfield code="1">0</subfield>
    <subfield code="2">ddc</subfield>
    <subfield code="4">0</subfield>
    <subfield code="7">0</subfield>
    <subfield code="a">LIB001</subfield>
    <subfield code="b">LIB001</subfield>
    <subfield code="d">2021-05-14</subfield>
    <subfield code="l">0</subfield>
    <subfield code="o">495.4</subfield>
    <subfield code="p">9135</subfield>
    <subfield code="r">2021-05-14 00:00:00</subfield>
    <subfield code="w">2021-05-14</subfield>
    <subfield code="y">DZ</subfield>
  </datafield>
  <datafield tag="952" ind1=" " ind2=" ">
    <subfield code="0">0</subfield>
    <subfield code="1">0</subfield>
    <subfield code="2">ddc</subfield>
    <subfield code="4">0</subfield>
    <subfield code="7">0</subfield>
    <subfield code="a">LIB001</subfield>
    <subfield code="b">LIB001</subfield>
    <subfield code="d">2021-05-14</subfield>
    <subfield code="l">0</subfield>
    <subfield code="o">495.4</subfield>
    <subfield code="p">9136</subfield>
    <subfield code="r">2021-05-14 00:00:00</subfield>
    <subfield code="w">2021-05-14</subfield>
    <subfield code="y">DZ</subfield>
  </datafield>
</record>
